000 00601nam a22001937a 4500
005 20251108165326.0
008 250721s2005 xx 000 0 ara d
082 1 4 _aط/551/بير
100 1 _aبيرجر، ميلفين و جيلدا
245 1 0 _aأسباب تغير تضاريس الأرض /
264 1 _aالقاهرة :
_bنهضة مصر،
_c2005.
300 _a48ص.
490 0 _aاسئلة و اجوبة علمية
650 1 7 _aعلم الارض
650 1 7 _aالاساله و الاجوبه
653 _aناشاون صغار (10-14) سنه
942 _2ddc
_cBK
999 _c25155
_d25155